Исследование электрического поля стержневого заземлителя; Известия Томского политехнического университета [Известия ТПУ]; Т. 314, № 4: Энергетика

מידע ביבליוגרפי
Parent link:Известия Томского политехнического университета [Известия ТПУ]/ Томский политехнический университет (ТПУ).— , 2000-
Т. 314, № 4: Энергетика.— 2009.— [С. 84-88]
מחבר ראשי: Макенова Н. А. Наиля Алтынхановна
סיכום:Заглавие с титульного листа
Электронная версия печатной публикации
Разработана численная модель исследования электрического поля вертикального стержневого заземлителя. Показано, что напряжение поля на поверхности земли уменьшается с увеличением длины стержня или с увеличением его диаметра.
שפה:רוסית
יצא לאור: 2009
סדרה:Энергетика
נושאים:
גישה מקוונת:http://www.lib.tpu.ru/fulltext/v/Bulletin_TPU/2009/v314/i4/20.pdf
פורמט: MixedMaterials אלקטרוני Book Chapter
KOHA link:https://koha.lib.tpu.ru/cgi-bin/koha/opac-detail.pl?biblionumber=175312

MARC

LEADER 00000nla2a2200000 4500
001 175312
005 20231221105450.0
035 |a (RuTPU)RU\TPU\book\190085 
035 |a RU\TPU\book\190032 
090 |a 175312 
100 |a 20100211d2009 k y0rusy50 ca 
101 0 |a rus 
102 |a RU 
135 |a drnn ---uucaa 
181 0 |a i  
182 0 |a b 
200 1 |a Исследование электрического поля стержневого заземлителя  |f Н. А. Макенова 
203 |a Текст  |c электронный 
215 |a 1 файл (388 Кб) 
225 1 |a Энергетика 
300 |a Заглавие с титульного листа 
300 |a Электронная версия печатной публикации 
320 |a [Библиогр.: с. 88 (4 назв.)] 
330 |a Разработана численная модель исследования электрического поля вертикального стержневого заземлителя. Показано, что напряжение поля на поверхности земли уменьшается с увеличением длины стержня или с увеличением его диаметра. 
337 |a Adobe Reader 
461 1 |0 (RuTPU)RU\TPU\book\176237  |t Известия Томского политехнического университета [Известия ТПУ]  |f Томский политехнический университет (ТПУ)  |d 2000- 
463 1 |0 (RuTPU)RU\TPU\book\189963  |t Т. 314, № 4: Энергетика  |v [С. 84-88]  |d 2009  |p 169 с. 
610 1 |a стержневые заземлители 
610 1 |a электрические поля 
610 1 |a электроды 
610 1 |a ток 
610 1 |a сопротивление 
610 1 |a шаговое напряжение 
610 1 |a труды учёных ТПУ 
610 1 |a электронный ресурс 
700 1 |a Макенова  |b Н. А.  |c физик  |c доцент Томского политехнического университета, кандидат физико-математических наук  |f 1974-  |g Наиля Алтынхановна  |3 (RuTPU)RU\TPU\pers\25677  |9 11588 
801 1 |a RU  |b 63413507  |c 20090623  |g PSBO 
801 2 |a RU  |b 63413507  |c 20211214  |g PSBO 
856 4 |u http://www.lib.tpu.ru/fulltext/v/Bulletin_TPU/2009/v314/i4/20.pdf 
942 |c CF